|
|
|
|
| LEADER |
01088pam a22002778a 4500 |
| 001 |
00028249 |
| 005 |
20171026081023.0 |
| 008 |
120308s2011 ||||||Viesd |
| 041 |
0 |
# |
|a Vie
|
| 082 |
1 |
4 |
|a 395.209 597
|b TR300TH
|
| 100 |
1 |
# |
|a Diệp, Trung Bình
|
| 245 |
1 |
0 |
|a Tri thức dân gian trong chu kỳ đời người Sán Dìu ở Việt Nam
|c Diệp Trung Bình
|
| 260 |
# |
# |
|a Hà Nội
|b Văn hóa dân tộc
|c 2011
|
| 300 |
# |
# |
|a 263 tr.
|c 21 cm.
|
| 500 |
# |
# |
|a Dự án công bố, phổ biến tài sản văn hóa, văn nghệ dân gian Việt Nam
|
| 541 |
# |
# |
|a tặng
|
| 650 |
# |
4 |
|a Sán Dìu (Dân tộc Việt Nam)
|x Đời sống xã hội và tập quán
|
| 650 |
# |
4 |
|a Tri thức dân gian
|z Việt Nam
|
| 653 |
# |
# |
|a Tri thức
|
| 710 |
2 |
# |
|a Hội văn nghệ dân gian Việt Nam
|
| 852 |
# |
# |
|b Kho đọc
|j KD.0012580
|
| 852 |
# |
# |
|j KD.0012580
|
| 910 |
# |
# |
|a Ntuyet
|d 08/03/2012
|
| 980 |
# |
# |
|a Trung tâm Học liệu Lê Vũ Hùng, Trường Đại học Đồng Tháp
|